000 01388 a2200229 4500
001 3766
005 20260407155430.0
008 260407a2010 arg spa d
003 AR-UNSa-BCEJYS
040 _aAR-UNSa-BCEJYS
_bspa
_cAR-UNSa-BCEJYS
080 _a378
_xEnseñanza superior. Universidades. Escuelas especiales
245 1 0 _aHacia una democracia socialmente responsable
_puna reflexión desde la Universidad pública
020 _a978-987-574-420-2
264 1 _aBuenos Aires :
_bPrometeo Libros
_c2010
300 _a169 p.
_c21 cm.
505 _a1. ¿Por qué? - 2. Contribuir al bien común - 3. Precisiones sobre los asuntos a abordar - 4. RS, organizaciones y Estado - 5. Itinerario de desencuentros - 6. Comunicaciones - 7. Aquel modelo industrial - 8. Ciudadanías - 9. Gurúes I - 10. Gurúes II - 11. Consecuencias de la irresponsabilidad - 12. Educación y justicia social - 13. La RS y la situación actual - 14. Tsunamis económicos - 15. Organizaciones ciudadanas - 16. Perspectivas - 17. Acciones orientadas por la RS - 18. La RS y la Universidad Pública - 19. Algunas conclusiones
942 _cBK
590 _aniveau_biblio:m niveau_hierar:0
100 1 _aSaravia, Federico
700 1 _aEscobar, Juan
856 4 1 _uhttps://biblioeco.unsa.edu.ar/pmb/images/libros/Hacia una democracia socialmente responsable3-l117884.jpg
_yImagen de portada
_qimage/jpeg
999 _c351
_d351